| 000 | 00561nam a2200205Ia 4500 | ||
|---|---|---|---|
| 005 | 20250508165553.0 | ||
| 008 | 008 250505s9999 xx 000 0 eng d | ||
| 020 | _a978-1-4462-0748-2 | ||
| 037 | _aTextual | ||
| 040 |
_aFEDL _beng _cFEDL |
||
| 041 |
_aeng _2eng |
||
| 084 |
_a342.087 8, SHR _qFEDL |
||
| 100 |
_aShri Ram Naik V _9781211 |
||
| 245 | 0 | _aWomen laws of India | |
| 260 |
_aNew Delhi, India _bAshta Publishers _c2016 |
||
| 300 | _a230p. | ||
| 365 |
_aINR _b895 |
||
| 942 |
_cTEXL _h342.087 8, SHR |
||
| 999 |
_c1395931 _d1395931 |
||